000 00984nam a2200253Ia 4500
003 OSt
005 20220930094955.0
006 a|||||r|||| 00| 0
007 ta
008 220926b |||||||| |||| 00| 0 hin d
024 _a62740
037 _cTheses
040 _aCRL
_cCRL
_bhin
041 _2hin
_ahin
100 _aचौधरी, राजेश, ले.
110 _aदिल्ली विश्वविद्यालय. कला संकाय. हिन्दी विभाग
245 0 _aहिन्दी गीति - नाट्य की रंगमंचीय संरचना
246 _aHindī gīti - nāṭya kī rangamanchīya sanrachanā
260 _c2018
300 _a200पृ0
_ap.
_ccm.
700 _aदिल्ली विश्वविद्यालय. कला संकाय. हिन्दी विभाग
942 _cDIS
_2CC
999 _c888088
_d888088